000 00552nam a2200181Ia 4500
003 OSt
005 20240402104305.0
008 210210b1928 xxu||||| |||| 00| 0 eng d
040 _cAL
041 _aKannada
082 _a852/252
100 _aCHARUCHANDRA BHANDARI ಚಾರು ಚಂದ್ರ ಭಂಡಾರಿ
_9157765
245 _aSamagra Darshana: Bhudana yajna
_bಸಮಗ್ರ ದರ್ಶನ: ಭೂದಾನ ಯಜ್ಞ
260 _aBengaluru
_b-
_c1928
690 _aKannada Prose
_9157766
906 _a018820
942 _2ddc
_cBK
999 _c142374
_d142374